Statistics for People with the Same First and Last Name

Click here to take the quiz!

General Stats

  • This quiz has been taken 24 times
  • The average score is 2 of 9

Answer Stats

HintAnswer% Correct
Astronomer and Polymath who observed Saturn's Rings and Jupiter's MoonsGalileo Galilei
68%
Assassinated Robert F. KennedySirhan Sirhan
58%
Founder of a Luxury Designer BrandGuccio Gucci
26%
Wrote the song POPSTAR with DrakeKhaled Mohammed Khaled
21%
Niece of George W. Bush and Ralph Lauren's daughter-in-lawLauren Bush Lauren
21%
American-Egyptian Actor who acted in Executive Decision, Swingers, etc.Ahmed Ahmed
5%
Chinese Warlord who tried to unify ChinaCao Cao
5%
Signer of Declaration of Independence from ConnecticutWilliam Williams
5%
Vice President of F.S. Micronesia`Alik L. Alik
0%

Score Distribution

Percentile by Number Answered

Percent of People with Each Score

Your Score History

You have not taken this quiz